000 00472nam a22001097a 4500
008 150625b xxu||||| |||| 00| 0 eng d
010 _8HCCRS ARF:007
245 _aHIGH COURT CRIMINAL SESSION NO.666 OF 1970 Uganda Vs George Kagasira
260 _aHigh Court Kampala
500 _3(Original criminal case no. MMR.633 of 1970 in the Magistrate's Court of Mbarara at Mbarara. Before-H.Katembeko , Esq., Magistrate Grade 1.)
500 _3BEFORE:The Honourable Mr.Justice S.Musoke
999 _c6764
_d6764